000 00516nam a2200181Ia 4500
999 _c8680
_d8680
003 OSt
005 20200911152213.0
008 190216s9999||||xx |||||||||||||| ||und||
020 _a9788172246662
040 _coclc
082 _a658.84
_bLOS/E
100 _aLoshin, Pete
_94557
245 0 _aElectronic Commerce /
_cPete Loshin ; Paul A Murphy
250 _a2nd Ed.
260 _bJaico Publishing House,
_c1997.
_aMumbai:
300 _a316p
942 _cBK
_2ddc
_h658.84
_iLOS/E
_k658.84
_mLOS/E